000 00894nmm a2200277 a 4500
001 ocm000621688
003 TR-IsHL
005 20201028123521.0
008 130902s2011 tu tur
007 cr cn
020 _a9786054503339
035 _a621688
_b(N$T)
050 0 4 _aPQ2228.T8
_bU3 2011
090 0 4 _aPQ2228.T8
_bU3 2011
100 1 _aDumas, Alexandre
245 1 0 _aÜç silahşörler
_h[electronic resource] /
_cAlexandre Dumas ; çev. Gülsün Tilkici
260 _aİstanbul :
_bBilge Kirpi Yayıncılık,
_c2011
300 _a84 p.
650 4 _aDil ve Edebiyat
650 4 _aLanguage and Literature
650 0 _aFransız romanı
650 0 _aFrench fiction
650 7 _aLITERARY COLLECTIONS / European / French
_2bisacsh
700 1 _aTilkici, Gülsün
856 4 0 _uhttp://search.ebscohost.com/login.aspx?direct=true&scope=site&db=e011xww&AN=621688
999 _c2448
_d2448